La cité de la peur ou RRRrrrr? - Statistiques

Statistiques générales
  • Ce quiz a été pris 638 fois
  • Le résultat moyen est 17 sur 20
Statistiques - réponses
Hint Réponse % Correct
Vous voulez pas un whisky d'abord ? La cité de la peur
96%
Tu bluffes Martoni ! La cité de la peur
95%
Prenez un chewing-gum Emile ! La cité de la peur
94%
J’ai toujours été frisé, mon grand père était frisé, mon père était frisé, mes enfants et mes petits enfants étaient frisés. RRRrrrr
94%
Mais si c’est pas un animal qui l’a tué, c’est p’tet un végétal ! RRRrrrr
93%
Oh, des ossements ! Des ossements avec de la peau autour… RRRrrrr
93%
Barrez-vous Cons de mimes ! La cité de la peur
90%
- C’est quoi ton type de femme à toi ?
- Vivante.
RRRrrrr
90%
Madame, je vous pisse à la raie. La cité de la peur
87%
Simon, t'as un bout de pomme de terre sur la joue. La cité de la peur
85%
Elle est morte de vieillesse... Mais jeune. RRRrrrr
85%
T’as baisé ma femme, j’ai baisé ma femme, allez on est quitte. RRRrrrr
82%
Aucun lien, je suis fils unique. La cité de la peur
78%
Vous êtes puérils, on dirait des puéricultrices ! RRRrrrr
76%
Non, je ne suis pas du genre à me doucher dès le premier soir ! RRRrrrr
76%
On peut se tutoyer ? C'est plus sympa. T'es lourds ! La cité de la peur
75%
C’est marrant ce que tu dis parce que c’est pas tellement marrant ! RRRrrrr
71%
Ca fait trois fois que ton chien est mort. Ouai mais il a beaucoup souffert ! La cité de la peur
70%
Il ne peut plus rien nous arriver d'affreux maintenant ! La cité de la peur
66%
Poussez-vous, excusez-moi ! Poussez-moi excusez-vous ! RRRrrrr
64%
Aucun quiz correspondant
Distribution des résultats
% des personnes avec chaque résultat
Percentile par nombre de réponses
Votre historique - résultats
Vous n’avez pas pris ce quiz